03082njm a2200481Ia 450000100060000000300090000600500170001500800410003204000130007304000130008604100130009910000110011210000180012310000380014124500160017925000110019526000110020626000380021730000100025550000690026550502450033451100340057965000570061370001390067070000990080970000890090870000850099770001130108270001020119570000960129770000850139370000710147870000960154970000950164570001310174070000950187170001100196670001570207670000770223370000940231070000870240470001090249124604IT-RoPAU20220918181159.0131025s9999 xx 000 0 und d aIT-RoPAU cIT-RoPAU aITALIANO aAA.VV. eAutore musica gCodice autore musica SPICS: 12000 aIncontro... a1a ed. aMILANO bRUSTY RECORDSc1971 [1a Ed.:1971] aDISCO aCanzone italiana. Antologia di canzoni italiane dal 1910 al 1945 aTu sei la musica - Camminando sotto la pioggia - Non passa più - Pippo non lo sa - Il mio nome è donna - Portami tante rose ... - Finestra chiusa - Non partir - Scrivimi - Bellezza in bicicletta - Tu, musica divina - E' stata una follia aSilvana Fioresi e Dino D'Alba aCANZONE ITALIAN [DISCHI]eCodice MATERIA SPICS: 9950 aBracchi AlfredodCodice autore musica SPICS: 13448eAutore musicapTu sei la musica - Finestra chiusa - Non partir - Tu, musica divina aAnsaldo FrancodCodice autore testo/musica SPICS: 13538eAutore testo/musicapTu sei la musica aRizzodCodice autore musica SPICS: 25698eAutore musicapCamminando sotto la pioggia aMacario ErminiodCodice autore SPICS: 13573eAutorepCamminando sotto la pioggia aFrustaci PasqualedCodice autore testo/musica SPICS: 13530eAutore testo/musicapCamminando sotto la pioggia aLiri (Gili) Mario (Giacomo M.)dCodice autore musica SPICS: 13385eAutore musicapNon passa più aMarchetti P.dCodice autore testo/musica SPICS: 14237eAutore testo/musicapNon passa più aPanzeri MariodCodice autore musica SPICS: 13372eAutore musicapPippo non lo sa aRastelli NinodCodice autore SPICS: 13482eAutorepPippo non lo sa aKramer GornidCodice autore testo/musica SPICS: 11552eAutore testo/musicapPippo non lo sa aTestoni GiancarlodCodice autore musica SPICS: 13524eAutore musicapIl mio nome è donna aMascheroni VittoriodCodice autore testo/musica SPICS: 13134eAutore testo/musicapIl mio nome è donna - E' stata una follia aGaldieri MicheledCodice autore musica SPICS: 13370eAutore musicapPortami tante rose ... aBixio Cesare AndreadCodice autore testo/musica SPICS: 13441eAutore testo/musicapPortami tante rose ... aD'Anzi GiovannidCodice autore testo/musica SPICS: 13458eAutore testo/musicapFinestra chiusa - Non partir - Bellezza in bicicletta - Tu, musica divina aFrati EnricodCodice autore musica SPICS: 13443eAutore musicapScrivimi aRaimondo GiovannidCodice autore testo/musica SPICS: 13444eAutore testo/musicapScrivimi aMarchesidCodice autore musica SPICS: 22540eAutore musicapBellezza in bicicletta aMarf (Bonavita Mario)dCodice autore testo/musica SPICS: 13496eAutore testo/musicapE' stata una follia